000 00317nam a2200121 a 4500
005 20140414131856.0
008 100901s19uu xx 00 eng d
050 _aFIL
_bM27 2005
100 _aBelen, Christine
245 _aAng mahiwagang biyulin.
260 _aManila, Philippines :
_bAnvil,
_c2005.
999 _c110445
_d110445